| 000 | 00473nam a2200157 4500 | ||
|---|---|---|---|
| 001 | 131330 | ||
| 003 | ES-MaACL | ||
| 005 | 20230906193948.0 | ||
| 007 | t| | ||
| 008 | 070214s1966 sp r ||||1| spa d | ||
| 100 | 1 |
_aRobles Alvarez de Sotomayor, Alfredo. _997943 |
|
| 245 | 1 | 0 |
_aLegislación mercantil española / _cAlfredo Robles Alvarez de Sotomayor. |
| 260 |
_aMadrid : _b[s. n.], _c1966 ( _fGráf. Summa) |
||
| 300 |
_a308 p. ; _c21 cm. |
||
| 852 |
_aES-MaACL _jC-31100 |
||
| 999 |
_c131330 _d131330 |
||